Report on the Regional European Seminar on the University and adult education (Record no. 1441035)

MARC details
000 -LEADER
fixed length control field 00608nam a2200193Ia 4500
005 - DATE AND TIME OF LATEST TRANSACTION
control field 20250923144612.0
008 - FIXED-LENGTH DATA ELEMENTS--GENERAL INFORMATION
fixed length control field 008 250917s9999 xx 000 0 eng d
037 ## - SOURCE OF ACQUISITION
Stock number Textual
040 ## - CATALOGING SOURCE
Original cataloging agency DSWL
Language of cataloging eng
Transcribing agency DSWL
041 ## - LANGUAGE CODE
Language code of text/sound track or separate title eng
Source of code eng
084 ## - COLON CLASSIFICATION NUMBER
Classification number T3-4p5:N56, J7
Assigning agency DSWL
245 #0 - TITLE STATEMENT
Title Report on the Regional European Seminar on the University and adult education
Statement of responsibility, etc. by Her Majesty's Stationary Office
260 ## - PUBLICATION, DISTRIBUTION, ETC.
Place of publication, distribution, etc. London
Name of publisher, distributor, etc. Her Majesty's Stationary Office
Date of publication, distribution, etc. 1957
300 ## - PHYSICAL DESCRIPTION
Extent xii,155p.
365 ## - TRADE PRICE
Price type code INR
Price amount 5
925 ## -
-- 5
942 ## - ADDED ENTRY ELEMENTS (KOHA)
Koha item type Textual
Classification part T3-4p5:N56, J7
Holdings
Withdrawn status Lost status Damaged status Not for loan Home library Current library Date acquired Source of acquisition Inventory number Total Checkouts Full call number Barcode Date last seen Price effective from Koha item type
        Department of Social Work Library Department of Social Work Library 2025-09-23 Atma Ram & Sons Delhi Z/5520/57, 28.03.1958   T3-4p5:N56, J7 SW0005470 2025-09-23 2025-09-23 Textual
Copyright @ Delhi University Library System